=LDR 00000nam 2200000 4500 =001 INLIS000000000020898 =005 20130612115816 =008 ***********************************Ind** =035 ##$$0010-061300000020898 =041 ##$$a Ind =082 ##$$a 641.5 =090 ##$$a 641.5, Mul m =100 ##$$a Mulyadi, Redi =245 ##$$a Masakan halal sejuta nikmat, Redi Mulyadi, Nina Nurlina =260 ##$$a 1997 $b Solo =300 ##$$a 136 hlm, ilus, 21 cm =650 ##$$a Masakan halal =850 ##$$a NBPNMAT